-
KHANDELWAL, DR.K.R. AND SETHI, DR. VARUNDA
Entry Personal Name
Number of records used in: 1
001 - CONTROL NUMBER
003 - CONTROL NUMBER IDENTIFIER
005 - DATE AND TIME OF LATEST TRANSACTION
- control field:
20190911142308.0
008 - FIXED-LENGTH DATA ELEMENTS
- fixed length control field:
190911|| aca||aabn | a|a d
040 ## - CATALOGING SOURCE
- Original cataloging agency:
OSt
- Transcribing agency:
OSt
100 ## - HEADING--PERSONAL NAME
- Personal name:
KHANDELWAL, DR.K.R. AND SETHI, DR. VARUNDA
670 ## - SOURCE DATA FOUND
- Source citation:
Work cat.: (OSt): KHANDELWAL, DR.K.R. AND SETHI, DR. VARUNDA, PRACTICAL PHARMACOGLOGY:techniques and experiments